000 00644nam a2200241Ia 4500
003 OSt
005 20221007081315.0
006 a|||||r|||| 00| 0
007 ta
008 221006b |||||||| |||| 00| 0 eng d
024 _a44,346
037 _cTextual
040 _aFLL
_cFLL
_beng
041 _2eng
_aeng
082 _aZ3,5, Q6
100 _aHERRING Jonathan
_9481501
245 0 _aCriminal law
_b Texts cases and materials
250 _a7th
260 _aNew York
_bOxford University Press USA
_c2016
300 _aliii,911p.
_ccm.
942 _hZ3,5, Q6
_cTEXL
_2CC
999 _c1162691
_d1162691